Adivina el club de fútbol por su logo Ultras #1 - Estadísticas

Estadísticas generales
  • Esta prueba ha sido intentada 498 veces
    448 desde el último reinicio
  • La puntuación promedio es 9 de 15
Estadísticas de respuestas
Hint Respuesta % Correcto
88%
82%
82%
81%
78%
68%
65%
62%
61%
59%
53%
42%
40%
37%
27%
No se encontraron pruebas coincidentes
Distribución de puntuación
Porcentaje de gente con cada puntuación
Porcentaje por número respondido
Historial de tus puntuaciones
No has intentado esta prueba desde el último reinicio